| 000 | 00557nam a2200145Ia 4500 | ||
|---|---|---|---|
| 008 | 140724s9999 xx 000 0 und d | ||
| 050 |
_aBF 637.C6 _b.M433 2012 |
||
| 100 | _aMatilla, Angela Suzanne V. | ||
| 245 |
_aStress and coping mechanisms of selected College Working students of Southville International School and Colleges / _cAngela Suzanne V. Matilla. |
||
| 260 |
_aLas PiƱas, Philippines : _bSouthville International School and Colleges, _cc2012. |
||
| 300 |
_a131 p. : _bill. ; _c28 cm. |
||
| 521 | _aPsychology | ||
| 942 | _cTH | ||
| 999 |
_c229252 _d229252 |
||